Estatísticas para Capitais

Clique aqui para jogar o quiz

Estatísticas Gerais

  • Esse quiz foi jogado 53 vezes
  • A pontuação média é 14 de 15

Estatísticas das Respostas

HintResposta% Correto
BrasilBrasília
100%
AlemanhaBerlim
98%
ArgentinaBuenos Aires
98%
EspanhaMadrid
98%
ChinaPequim
98%
JapãoTóquio
95%
EgitoCairo
93%
IrlandaDublin
91%
IrlandaDublin
91%
CubaHavana
91%
ÁustriaViena
86%
PeruLima
84%
ÍndiaNova Déli
84%
HungriaBudapeste
81%
LuxemburgoLuxemburgo
81%

Distribuição das Pontuações

Percentil de Números Respondidos

Porcentagem de Pessoas com Cada Pontuação

Sua Pontuação Histórica

Você não jogou esse quiz